Estadísticas para Países del Imperio Mongol en un Mapa

Haz click aquí para intentar la prueba.

Estadísticas generales

  • Esta prueba ha sido intentada 2.129 veces
  • La puntuación promedio es 27 de 28

Respuestas en el mapa

Las respuestas están codificadas por una escala verde-roja en el mapa de la prueba según el % correcto abajo.
 

Estadísticas de respuestas

País% Correcto
China
100%
Mongolia
100%
Rusia
100%
Corea del Norte
99%
Corea del Sur
99%
Irán
98%
Kazajistán
98%
Afganistán
97%
Irak
97%
Pakistán
97%
Turquía
97%
Ucrania
97%
Uzbekistán
96%
Armenia
95%
Bielorrusia
95%
Georgia
95%
India
95%
Turkmenistán
95%
Azerbaiyán
94%
Kirguistán
93%
Rumania
93%
Tayikistán
93%
Moldavia
92%
Laos
91%
Siria
91%
Vietnam
91%
Myanmar
87%
Polonia
86%

Distribución de puntuación

Porcentaje por número respondido

Porcentaje de gente con cada puntuación

Historial de tus puntuaciones

No has intentado esta prueba.